Detalles MARC
| 000 -LIDER |
| fixed length control field |
01183nam a2200301 a 4500 |
| 001 - NÚMERO DE CONTROL |
| Identificador de número de control |
000048758 |
| 003 - IDENTIFICACDOR DE NÚMERO DE CONTROL |
| control field |
DO-SdBNP |
| 005 - DATE AND TIME OF LATEST TRANSACTION |
| control field |
20260514084846.0 |
| 008 - ELEMENTOS DE LONGITUD FIJA |
| fixed length control field |
190411s2016 dr a r 000 spa d |
| 040 ## - FUENTE DE CATALOGACIÓN |
| Agencia que crea de manera original el registro |
DO-SdBNP |
| Idioma de catalogación |
spa |
| Agencia que realiza la transcripción |
BPUMSU |
| 082 #4 - NÚMERO DE CLASIFICACIÓN DECIMAL DE DEWEY |
| Classification number |
741.5 |
| Item number |
D812c 2016 |
| Edition number |
22 |
| 245 00 - MENCIÓN DE TITULO |
| Título |
Duarte : |
| Subtítulo |
como nunca antes visto / |
| Mención de responsabilidad |
dibujos Jorge Pérez...[y otros ]; guión Leorian F. Ricardo Abreu |
| 246 13 - VARIACION DEL TÍTULO |
| Título propiamente dicho o título corto |
Fantasía histórica |
| 260 ## - PUBLICACIÓN, DISTRIBUCIÓN, ETC. (PIE DE IMPRENTA) |
| Lugar de publicación, distribución, etc |
Santo Domingo : |
| Nombre del editor, distribuidor, etc. |
Morostudio, |
| Fecha de publicación, distribución, etc |
2016. |
| 300 ## - DESCRIPCIÓN FÍSICA |
| Extensión |
88, [8] p. : |
| Otros detalles físicos |
il ; |
| Dimensiones |
27 cm. |
| 590 ## - NOTA LOCAL |
| Texto de la nota local |
Inventariado, 2019 / DG |
| 600 14 - ENCABEZAMIENTO DE MATERIA--NOMBRE PERSONAL |
| Nombre personal |
Duarte, Juan Pablo |
| Fechas asociadas con el nombre |
1813-1876 |
| Subdivisión temática general |
Tiras cómicas, historietas, etc |
| Títulos u otras palabras asociadas con el nombre |
|
| 648 ## - SUBJECT ADDED ENTRY--CHRONOLOGICAL TERM |
| Chronological term |
|
| 650 ## - ENCABEZAMIENTO DE MATERIA--TEMÁTICO |
| Término temático o nombre geográfico como elemento de entrada |
Historietas, tiras cómicas, etc. |
| Subdivisión temática general |
Historia y crítica. |
| Subdivisión geográfica |
República Dominicana |
| 650 #4 - ENCABEZAMIENTO DE MATERIA--TEMÁTICO |
| Término temático o nombre geográfico como elemento de entrada |
Dibujos animados y cómics |
| Subdivisión geográfica |
República Dominicana |
| 651 #7 - ENCABEZAMIENTO DE MATERIA--NOMBRE GEOGRÁFICO |
| Nombre geográfico |
República Dominicana |
| Subdivisión temática general |
Historia |
| -- |
Tiras cómicas, historietas, etc. |
| Subdivisión cronológica |
|
| 700 1# - ASIENTO SECUNDARIO -- NOMBRE PERSONAL |
| Nombre personal |
Pérez, Jorge E. |
| Mención de responsabilidad |
dibujos |
| 700 1# - ASIENTO SECUNDARIO -- NOMBRE PERSONAL |
| Nombre personal |
Ricardo Abreu, Leorian F. |
| Mención de responsabilidad |
guión |
| 710 2# - ASIENTO SECUNDARIO -- NOMBRE CORPORATIVO |
| Nombre corporativo o de jurisdicción |
Ministerio de Cultura (República Dominicana) |
| 710 2# - ASIENTO SECUNDARIO -- NOMBRE CORPORATIVO |
| Nombre corporativo o de jurisdicción |
Moroestudio (República Dominicana) |
| 910 ## - VALIDACIÓN |
| Validación |
VMateo V. Control de calidad. BPMSU |
| 942 ## - ADDED ENTRY ELEMENTS (KOHA) |
| Source of classification or shelving scheme |
Dewey Decimal Classification |
| Koha item type |
Libros |